Personnel controlling as a part of the management controlling system in an enterprise

Charakteristika personálneho kontrolingu ako súčasť podnikového kontrolingu. Dôvody pre implementáciu personálneho kontrolingu a jeho nástroje. Personálne náklady.

Gespeichert in:
Bibliographische Detailangaben
1. Verfasser: Zámečník, Roman
Format: Buchkapitel
Sprache:Englisch
Schlagworte:
Tags: Tag hinzufügen
Keine Tags, Fügen Sie das erste Tag hinzu!

MARC

LEADER 00000naa$a2200000$$$4500
001 0066517
005 20231107071751.7
041 0 |a eng 
044 |a CZ 
245 1 0 |a Personnel controlling as a part of the management controlling system in an enterprise  |c Roman Zámečník 
520 |a Charakteristika personálneho kontrolingu ako súčasť podnikového kontrolingu. Dôvody pre implementáciu personálneho kontrolingu a jeho nástroje. Personálne náklady. 
610 2 0 |a kontroling podnikový 
610 2 0 |a manažment 
610 2 0 |a personalistika 
610 2 0 |a riadenie ľudských zdrojov 
610 2 0 |a zamestnanci 
100 1 |a Zámečník, Roman